000 00543nam a2200181 i 4500
001 101281
003 ES-MaACL
005 20250930063108.0
007 t|
008 051017s1947 sp ||||1| spa d
100 1 _aMayer, August Liebmann,
_d1885-1944
_979345
245 1 0 _aHistoria de la pintura española /
_cpor Augusto L. Mayer.
250 _a3ª ed.
260 _aMadrid :
_bEspasa-Calpe,
_c1947.
300 _aVI, 556 p., 24 lám. col. :
_bil. ;
_c28 cm.
852 _aES-MaACL
_jA-165
_bR.29336
999 _c101281
_d101281